01663cam a22004094i 4500003000900000005001700009008004100026020001500067035002700082040003300109082001900142245010700161264006200268300003800330336002100368337002500389338002300414490007400437504002800511505050200539526001001041526001001051526000901061526000901070526000901079526000901088526000901097526000901106526000901115526000801124526000801132526000801140526000801148526000801156630006501164700002401229PE-LiUPU20250731165503.0150623s r 000 0 d a1841270040 a(Sirsi) i9781841270043 aPE-LiUPUbspacPE-LiUPUerda04a225.077bJ22100aCharacterization in the gospels :breconceiving narrative criticism.n184 /cEditado por David Rhoads. 1aSheffield, Inglaterra :bSheffield Academic Press,c1999. a298 páginas ;c24 centímetros atext2rdacontent aunmediated2rdamedia avolume2rdacarrier0 aJournal for the Study of the New Testament. Supplement Series ;v184 aIncluye bibliografía.0 aReconceiving narrative criticism. -Characters in the making: individuality and ideology in the gospels. -Characterization and persuasion: the rich man and the poor man in Luke 16.19-31. -Peter as character and symbol in the gospel of Matthew. -Naming the nameless: gender and discipleship in Matthew's passion narrative. -The son of man and his followers: a q portraid of Jesus. -A character resurrected: Lazarus in the fourth gospel and afertrwards. -narratuve criticism: practices and prospects. aSEG44 aSEG26 aP151 aP150 aP149 aP146 aP145 aP126 aP125 aP92 aP75 aP74 aP27 aP15 aBiblia.pN.T.pEvangeliosxCrítica, interpretación, etc.1 aRhoads, David,eed.